Panic! at the disco: Finish the Lyrics - Statistics

General Stats
  • This quiz has been taken 566 times
    561 since last reset
  • The average score is 5 of 15
Answer Stats
Finish the lyrics % Correct
Heroes always get remembered but you know legends never die
75%
Oh, well imagine, as i'm pacing the pews in a church corridor, and I can't help but to hear, no I can't help but to hear an exchanging of words.
53%
Back to the street where we began Feeling as good as lovers can, you know
49%
And the habit of decomposing right before your very eyes. Along with the people inside what a wonderful caricature of intimacy
49%
Their gnashing teeth, and criminal tongues conspire against the odds, but they haven't seen the best of us yet.
42%
Swear to shake it up, if you swear to listen, oh we're still young desperate for attention I aim to be, your eyes trophy boys, trophy wives
39%
In the Vegas lights, where villains spend the weekend, the deep end, we're swimming with the sharks until we drown.
38%
I had a cane, and a party hat. I was the king of this hologram, Where there's no such thing as getting out of hand.
32%
I don't wanna hear you've got a boyfriend. Sometimes, you're better off alone.
31%
She said your just like Mike Love, but you wanna be Brian Wilson, Brian Wilson
30%
Double bubble disco queen, heading to the guillotine. Skin as cool as Steve McQueen, let me be your killer king
27%
I was fine just a guy living on my own, waiting for the sky to fall, then you called and changed it all, doll.
24%
I'm walking the long road, watching the sky fall. The lace in your dress, tangles my neck, how do I live?
21%
A lonely speaker in a conversation. Her words are swimming through his ears again. There's nothing wrong with just a taste of what you've paid for.
18%
'Cause there's always time for second guesses I don't wanna know. If you're gonna be the death of me, that's how I wanna go.
16%
No matching quizzes found
Score Distribution
Percent of People with Each Score
Percentile by Number Answered
Your Score History
You have not taken this quiz since the last reset